Canada Metro Areas over 100k 2021 - Statistics

General Stats
  • This quiz has been taken 1,167 times
    1,074 since last reset
  • The average score is 23 of 42
Answer Stats
Rank Hint Province Answer % Correct
1 6,202,225 ON Toronto
100%
2 4,291,732 QC Montreal
99%
3 2,642,825 BC Vancouver
99%
7 839,311 QC Quebec City
96%
5 1,481,806 AB Calgary
95%
6 1,418,118 AB Edmonton
95%
4 1,488,307 ON/QC Ottawa-Gatineau
95%
8 834,678 MB Winnipeg
91%
12 465,703 NS Halifax
85%
17 317,480 SK Saskatoon
80%
18 249,217 SK Regina
79%
31 130,613 NB Saint John
75%
22 212,579 NL St. John's
75%
16 397,237 BC Victoria
75%
11 543,551 ON London
74%
9 785,184 ON Hamilton
71%
14 422,630 ON Windsor
63%
34 123,258 ON Thunder Bay
58%
13 433,604 ON St. Catharines-Niagara
56%
10 575,847 ON Kitchener-Cambridge-Waterloo
52%
39 108,610 NB Fredericton
43%
25 170,605 ON Greater Sudbury
42%
20 227,398 BC Kelowna
41%
24 172,546 ON Kingston
41%
29 157,717 NB Moncton
41%
28 161,489 QC Trois-Rivieres
39%
36 114,142 BC Kamloops
38%
19 227,398 QC Sherbrooke
37%
42 100,844 AB Red Deer
36%
15 415,311 ON Oshawa
34%
21 212,856 ON Barrie
32%
23 195,726 BC Abbotsford-Mission
30%
26 165,588 ON Guelph
27%
35 115,459 BC Nanaimo
27%
33 123,847 AB Lethbridge
24%
27 161,567 QC Saguenay
24%
32 128,624 ON Peterborough
23%
38 111,184 ON Belleville-Quint Weste
15%
30 144,162 ON Brantford
14%
40 104,316 ON Chatham-Kent
14%
37 113,767 BC Chilliwack
14%
41 101,610 QC Drummondville
12%
No matching quizzes found
Score Distribution
Percent of People with Each Score
Percentile by Number Answered
Your Score History
You have not taken this quiz since the last reset